000 01013nac a22002777a 4500
001 BR0703897
003 BR-BrBNA
005 20240105123439.0
008 230509b bl.|||m| |||| 00| 0 por d
040 _aBR-BrBNA
_bpor
_cBiblioteca Nacional de Agricultura
072 _aL01
090 _a5212 BR0703897
100 1 _aAssis, F. de P.
110 1 _aSecretaria da Agricultura do Estado de São Paulo, São Paulo (Brasil). Diretoria de Publicidade Agrícola
245 1 _aCriação de bezerros
260 3 _aSão Paulo, SP (Brasil):
_c1952.
300 _a19 p.
490 _aPublicação - Secretaria da Agricultura do Estado de São Paulo. Diretoria de Publicidade Agrícola (Brazil)
_vno. 835
_x
500 _aReprint of "Boletim de Agricultura" single number 1950; Documento microfilmado e tratado BR6001733
650 _aBEZERRO
650 _aCRIAÇÃO
650 _aPRODUÇÃO ANIMAL
650 _aNUTRIÇÃO ANIMAL
909 _a202312
_bLúcia Elande
_c55
_dLúcia Elande
942 _2AGRIS
_n0
_cMS
999 _c295489
_d295489